书目信息 |
| 题名: |
电路分析基础导教·导学·导考
|
|
| 作者: | 范世贵 编 | |
| 分册: | ||
| 出版信息: | 西安 西北工业大学出版社 2003 |
|
| 页数: | 320页 | |
| 开本: | 23cm | |
| 丛书名: | 专升本三导丛书 | |
| 单 册: | ||
| 中图分类: | TM133 | |
| 科图分类: | ||
| 主题词: | 电路分析--成人高等学校--升学参考资料 | |
| 电子资源: | ||
| ISBN: | 7-5612-1511-8 | |
| 000 | 00854oam2 2200253 45 | |
| 001 | 002314080 | |
| 005 | 20050329142411.9 | |
| 010 | @a7-5612-1511-8@dCNY26.00 | |
| 100 | @a20030228d2003 em y0chiy0110 ea | |
| 101 | 0 | @achi |
| 102 | @aCN@b610000 | |
| 105 | @ay q 000yy | |
| 200 | 1 | @a电路分析基础导教·导学·导考@ADian Lu Fen Xi Ji Chu Dao Jiao·Dao Xue·Dao Kao@f范世贵编@FFan Shi Gui Bian |
| 205 | @a2版 | |
| 210 | @a西安@c西北工业大学出版社@d2003 | |
| 215 | @a320页@d23cm | |
| 225 | 2 | @a专升本三导丛书 |
| 330 | @a本书内容共有七章,电路基本理论与定律,电阻电路等效变换电路分析基本方法,电路定理,正弦稳态电路,耦合电感与理想变压器等。 | |
| 410 | @12001 @a专升本三导丛书 | |
| 606 | 0 | @a电路分析@x成人高等学校@j升学参考资料 |
| 690 | @aTM133@v4 | |
| 701 | 0 | @a范世贵@4编 |
| 801 | 0 | @aCN@bNLC@c20030624 |
| 905 | @f5@b346519-523@dTM133@e126=2 | |
| 电路分析基础导教·导学·导考/范世贵编.-2版.-西安:西北工业大学出版社,2003 |
| 320页;23cm.-(专升本三导丛书) |
| ISBN 7-5612-1511-8:CNY26.00 |
| 本书内容共有七章,电路基本理论与定律,电阻电路等效变换电路分析基本方法,电路定理,正弦稳态电路,耦合电感与理想变压器等。 |
| ● |
| 相关链接 |
|
|
|
|
正题名:电路分析基础导教·导学·导考
索取号:TM133/126=2
 
预约/预借
| 序号 | 登录号 | 条形码 | 馆藏地/架位号 | 状态 | 备注 |
| 1 | 0346519 | 203465197 | 第二样本阅览室/ [索取号:TM133/126=2] | 在馆 | |
| 2 | 0346520 | 203465204 | 第三借阅区/ [索取号:TM133/126=2] | 在馆 | |
| 3 | 0346521 | 203465213 | 第三借阅区/ [索取号:TM133/126=2] | 在馆 | |
| 4 | 0346522 | 203465222 | 第三借阅区/ [索取号:TM133/126=2] | 在馆 | |
| 5 | 0346523 | 203465231 | 第三借阅区/ [索取号:TM133/126=2] | 在馆 |